| 000 | 00641nas a22001577a 4500 | ||
|---|---|---|---|
| 999 |
_c1202 _d1202 |
||
| 008 | 130304t20009999sz ||||| |||| 00| 0 eng d | ||
| 022 | _a1020-6167 | ||
| 245 | _aInternational Programme on Chemical Safety | ||
| 260 |
_aGinebra: _bOrganización Mundial de la Salud, _c2000 |
||
| 300 | _av. : | ||
| 546 | _aingles | ||
| 590 | _aExistencias: 2000 (19,20,22-26); 2001 (27-36); 2002 (37-47); 2003 (48-56); 2004 (57-63); 2005 (64-66); 2006 (69-71,73); 2008 (74); 2009 (72,75,76); 2010 (67) BAJA DEPOSITO (CAJA 18) MAYO 2019 | ||
| 650 |
_aBIOQUIMICA _91725 |
||
| 856 | _uhttp://www.who.int/ipcs/publications/cicad/en/index.html | ||
| 942 |
_2ddc _cCR |
||